00706nam a2200205 a 4500001001000000005001700010008004100027041000800068044000800076050002000084245008200104260005500186300003700241440003200278504002600310600004800336650002500384650005500409710003600464BRCA_534520190320205036.0761115s1930 nyua#####b---#000-0beng-# aeng anyu 4aND813bL67 193010aLópez Mezquita in the collection of the Hispanic Society of AmericabScenes aNueva YorkbPrinted by order of the Trusteesc1930 a28 p.bil., 13 láminasc18 cm. 0aHispanic Notes & Monographs aBibliografía: p. 2814aLópez Mezquita, José Maríad1883-195414aPintores españoles14aPinturas españolasxColeccionistas y colecciones2 aThe Hispanic Society of America